Herzstation /

Hlavní autor: Koplowitz, Jan, 1909-2001
Jazyk: Němčina
Vydáno: Berlin : Verlag Neues Leben, 1963
Vydání: 1. Aufl.
Fyzický popis: 371 s. : il. ; 21 cm
Knihy
Uloženo v:
LEADER 00647nam a22002052a 4500
001 001362628
003 CZ BrMZK
005 20181005082231.0
007 ta
008 140127s1963 gw a er|||||||||||ger d
040 |a ABA001  |b cze  |c ABA001  |d ABA001  |d BOA001 
100 1 |a Koplowitz, Jan,  |d 1909-2001  |7 jn19990004538  |4 aut 
245 1 0 |a Herzstation /  |c Jan Koplowitz ; Illustrationen von Gerhard Rappus 
250 |a 1. Aufl. 
260 |a Berlin :  |b Verlag Neues Leben,  |c 1963 
300 |a 371 s. :  |b il. ;  |c 21 cm 
910 |a BOA001  |b 2-0515.021 
990 |a BK 
991 |b 201401 
996 7 |b 2619043130  |c 2-0515.021  |l HP2  |r DEN  |n 0  |w 001397465  |u 000010  |a 1  |e BOA001  |j MZK50  |s A